000 00403nam a2200169Ia 4500
008 230516s9999 xx 000 0 und d
041 _aeng
082 _a576
_bREE
100 _aREED GEROLD
245 _aINDUSTRIAL MICROBIOLOGY
260 _aDELHI
_bC.B.S. PUBLISHERS & DISTRUTORS
300 _a883
365 _h20
500 _aPB
520 _aMICRO
650 _aPHARMACEUTICAL MICROBIOLOGY
999 _c362625
_d362625